Sports Quiz

Random Sports Quiz

Last 10 bufc Hat-trick scorers Quiz Stats

 Plays Quiz not verified by Sporcle

Support Sporcle.
Go Orange.
Score 0/10 Timer 10:00
0 Plays Today
Hint Answer % Correct
Current player, scored a h.t. in 10 minsJordan Thewlis
97.8%
Scored 4 hat-tricks in two seasonsDayle Southwell
95.6%
Over 100 Boston goals, but just two triplesMarc Newsham
86.7%
Four hat-tricks, including three in three monthsRicky Miller
80%
Played for his native Northern IrelandAndy Kirk
68.9%
Has scored 3 international goals since leaving the PilgrimsSpencer Weir-Daley
66.7%
Boston's first of two football-league hat-tricksLee Thompson
57.8%
Two spells at Utd, one hat-trick in eachMark Jones
48.9%
A hat-trick of the bench in a memorable 10-goal gameDanny Davidson
46.7%
His hat-trick helped turn 0-1 into 6-1 in 2008Ollie Ryan
28.9%

You're not logged in!

Compare scores with friends on all Sporcle quizzes.
OR
Log In

From the Vault

MLB Hit Leaders by Decade

by Gjezman

People might love the long ball, but it sure helps to have somebody on base first.
Remove Ads.
Support Sporcle.
Get the best of Sporcle when you Go Orange. This ad-free experience offers more features, more stats, and more fun while also helping to support Sporcle. Thank you for becoming a member.

Show Comments

Extras

Created Feb 17, 2020ReportNominate
Tags:last, Player, score, Scorer, United

Top Quizzes Today


Score Distribution

Your Account Isn't Verified!

In order to create a playlist on Sporcle, you need to verify the email address you used during registration. Go to your Sporcle Settings to finish the process.

Report this User

Report this user for behavior that violates our Community Guidelines.

Details: